| 000 | 00698cam a22002293a 4500 | ||
|---|---|---|---|
| 001 | 18806 | ||
| 003 | PGUSA | ||
| 005 | 20140828083411.0 | ||
| 008 | 060711s2006||||xxu|||||s|||||000 | eng d | ||
| 040 |
_aPGUSA _beng |
||
| 042 | _adc | ||
| 050 | 4 | _aTS | |
| 100 | 1 | _aFontenelle, Jean-Sébastien-Eugène Julia de | |
| 245 | 1 | 0 |
_aManuel complet des fabricans de chapeaux en tous genres _h[electronic resource] / _cJean-Sébastien-Eugène Julia de Fontenelle |
| 260 |
_bProject Gutenberg, _c2006 |
||
| 506 | _aPublic domain in the USA. | ||
| 516 | _aElectronic text | ||
| 653 | _aHat trade | ||
| 830 | 0 |
_aProject Gutenberg _v18806 |
|
| 856 | 4 | 0 | _uhttp://www.gutenberg.org/ebooks/18806 |
| 942 | _cEB | ||
| 999 |
_c248061 _d248061 |
||